000 00512nam a2200157Ia 4500
008 230921s9999||||xx |||||||||||||| ||und||
020 _a978-3-319-75493-2
041 _aEN
100 _aShamal Faily
245 0 _aDesigning Usable and Secure Software with IRIS and CAIRIS
250 _a1st ed. 2018
260 _c2018
_bSpringer International Publishing
856 _uhttps://doi.org/10.1007/978-3-319-75493-2
856 _uhttps://link.springer.com/openurl?genre=book&isbn=978-3-319-75493-2
942 _cEB
999 _c249071
_d249071